My Top 100 Songs of All Time - Guess the Artist - Statistics

General Stats
  • This quiz has been taken 69 times
  • The average score is 47 of 100
Answer Stats
Song Title Artist % Correct
All Too Well | Anti-Hero | Babe | +27 others Taylor Swift
97%
Espresso Sabrina Carpenter
82%
Good Luck, Babe! | HOT TO GO! | Pink Pony Club Chappell Roan
79%
Levitating | New Rules Dua Lipa
77%
ocean eyes Billie Eilish
65%
Stick Season Noah Kahan
47%
360 Charli XCX
45%
Reggaeton Lento CNCO & Little Mix
44%
Silver Springs Fleetwood Mac
42%
ADIDAS | Black Magic | Break Up Song | +8 others Little Mix
42%
Hard Times | Rose-Colored Boy Paramore
35%
Heaven is a Place on Earth Belinda Carlisle
27%
Not Strong Enough boygenius
27%
It's Not Living (If It's Not With You) | Me & You Together Song | TOOTIMETOOTIMETOOTIME | The Sound The 1975
26%
Boy Problems | Cut to the Feeling | The One | +3 others Carly Rae Jepsen
19%
So Hot You're Hurting My Feelings | Welcome to my Island Caroline Polachek
19%
Colors Halsey
18%
Heavydirtysoul Twenty One Pilots
13%
Too Well Renee Rapp
11%
Be Your Shadow | Give Me a Try | Greek Tragedy | Jump into the Fog The Wombats
11%
As If It's Your Last BLACKPINK
8%
Nobody Mitski
8%
Don't Feel Like Crying Sigrid
6%
12 Feet Deep | Help | Lipstick Covered Magnet | +5 others The Front Bottoms
6%
Worms Ashnikko
3%
Entropy Beach Bunny
3%
I Could Drive You Crazy | Years Sierra Ferrell
3%
Am I Pretty? | Don't Come Down The Maine
3%
Stupid for You Waterparks
3%
Almost Bowling for Soup
2%
Right Now HAIM
2%
Nights and Weekends Hayley Orrantia
2%
Break My Heart Hey Violet
2%
Pesticides Moselle
2%
Daphne Blue The Band CAMINO
2%
Summer Sunshine The Corrs
2%
No matching quizzes found
Score Distribution
Percent of People with Each Score
Percentile by Number Answered
Your Score History
You have not taken this quiz